000 01475cam a2200337 a 4500
999 _c219536
_d219536
001 13694874
003 Nust
005 20170213141636.0
008 040823s2004 nyua b 001 0 eng d
010 _a 2004112404
015 _aGBA492134
_2bnb
016 7 _a013070431
_2Uk
020 _a9780099492498
035 _a(OCoLC)ocm56990929
040 _aBRL
_cBRL
_dTXH
_dUKM
_dOCLCQ
_dDLC
042 _alccopycat
050 0 0 _aPQ4619.C9
_bH975 2004
082 0 0 _a853.3
_bGOD
100 1 _aGodwin, Joscelyn.
245 1 4 _aThe real rule of four /
_cJoscelyn Godwin.
260 _aNew York :
_bDisinformation,
_cc2004.
300 _a182 p. :
_bill. ;
_c21 cm.
504 _aIncludes bibliographical references (p. 173-175) and index.
600 1 0 _aColonna, Francesco,
_d-1527.
_tHypnerotomachia Poliphili.
600 1 0 _aCaldwell, Ian,
_d1976-
_tRule of four.
856 4 2 _3Contributor biographical information
_uhttp://www.loc.gov/catdir/enhancements/fy1004/2004112404-b.html
856 4 2 _3Publisher description
_uhttp://www.loc.gov/catdir/enhancements/fy1004/2004112404-d.html
906 _a7
_bcbc
_ccopycat
_d1
_eepcn
_f20
_gy-gencatlg
942 _2ddc
_cBK